000 00566nam a2200193 a 4500
001 5012
003 CO-ViMGA
008 141112s2004 ck r 000 u spa d
040 _aCO-ViMGA
_bspa
_cCO-ViMGA
082 0 4 _a612.662 R164
100 1 _aRapkin, Andrea
_93219
245 1 0 _aEl sindrome premenstrual :
_buna guía practica y definitiva /
_cRapkin Andrea , Tonnessen Diana
260 _aBarcelona :
_bPaidos,
_c1995
300 _a159 p
490 _aCuerpo y salud, 12
650 1 4 _aMENSTRUACION
_947789
650 1 4 _aTonnessen, Diana
_93220
942 _2ddc
_cBK
999 _c17014
_d17014